| 000 | 00860nam a22002295i 4500 | ||
|---|---|---|---|
| 001 | 156893 | ||
| 003 | ES-MaACL | ||
| 005 | 20230906210526.0 | ||
| 008 | 040804s1889 fr |||| | fre d | ||
| 040 |
_aCAM _bspa _cCAM |
||
| 080 | _a612.766.1 | ||
| 100 | 1 |
_aLagrange, Fernand. _969602 |
|
| 245 | 1 | 0 |
_aPhysiologie des exercices du corps / _cpar Fernand Lagrange. |
| 250 | _a2e éd. rev. et augm. | ||
| 260 |
_aParis : _bAncienne Librairie Germer Baillière et Cª : _bFélix Alcan, _c1889 ( _eTours : _fImp. E. Arrault et C.) |
||
| 300 |
_aVIII, 372 p. ; _c22 cm. |
||
| 490 | 1 |
_aBibliothèque scientifique internationale ; _v60 |
|
| 650 | 4 |
_aFisiología del ejercicio. _9147547 |
|
| 830 | 0 |
_aBibliothèque scientifique internationale ; _v60 _9186949 |
|
| 852 |
_aES-MaACL _jF-14389 _z-- Enc. ed. en tela con hierros dorados |
||
| 999 |
_c156893 _d156893 |
||